[Event "Montcalm V 2004-05"]
[Site "Quebec CAN"]
[Date "2005.03.17"]
[Round "5"]
[White "Lapierre, Gaetan"]
[Black "Bourassa, Andre"]
[Result "1-0"]
[WhiteElo "1918"]
[BlackElo "1635"]
[PlyCount "63"]
[GameId "2160767910965725"]
[EventDate "2005.02.17"]
[EventType "swiss"]
[EventRounds "5"]
[EventCountry "CAN"]

1. Nf3 d5 2. d4 e6 3. g3 c5 4. e3 Nf6 5. Bg2 Qc7 6. O-O Nbd7 7. Nbd2 Bd6 8. c3 O-O 9. Re1 e5 10. dxe5 Bxe5 11. e4 dxe4 12. Nxe4 Nxe4 13. Rxe4 Bf6 14. Bf4 Qb6 15. Qe2 Nb8 16. Rd1 Be6 17. Rd6 Nc6 18. Ne5 Rad8 19. Nxc6 bxc6 20. Rexe6 fxe6 21. Rxc6 Qa5 22. Qxe6+ Kh8 23. Bc7 Rd1+ 24. Bf1 Qb5 25. c4 Qxb2 26. Bd6 Rd8 27. Bxc5 Qb1 28. Rc8 Rxf1+ 29. Kg2 Rg1+ 30. Kh3 Qf1+ 31. Kg4 Qd3 32. Qe8+ 1-0

[Event "Montcalm V 2004-05"]
[Site "Quebec CAN"]
[Date "2005.03.17"]
[Round "5"]
[White "Lemieux, Pierre"]
[Black "Fortier, Bertrand"]
[Result "1-0"]
[WhiteElo "1871"]
[BlackElo "1642"]
[PlyCount "91"]
[GameId "2160767910965726"]
[EventDate "2005.02.17"]
[EventType "swiss"]
[EventRounds "5"]
[EventCountry "CAN"]

1. d4 d5 2. Nf3 e6 3. Bf4 Bd6 4. Bg3 Ne7 5. e3 O-O 6. Bd3 h6 7. Nbd2 c5 8. c3 Nbc6 9. O-O cxd4 10. exd4 Nf5 11. Bxf5 exf5 12. Ne5 Nxe5 13. dxe5 Bb8 14. Nb3 Re8 15. Qd4 Bc7 16. Rad1 Be6 17. Kh1 Bb6 18. Qb4 g5 19. f4 g4 20. Bf2 Bxf2 21. Rxf2 b6 22. Nd4 h5 23. Rfd2 h4 24. Nc6 Qc7 25. Nd4 Qc5 26. Qb3 Red8 27. Qc2 Qc8 28. Qd3 Kg7 29. Nb5 Qc6 30. Nd6 Kg6 31. Nb5 Rh8 32. Nd4 Qe8 33. Qb5 Qxb5 34. Nxb5 a6 35. Nc7 Ra7 36. Nxd5 b5 37. Nb4 a5 38. Nc6 Ra6 39. Rd6 Kh5 40. a3 Bb3 41. R1d2 Bc4 42. Nd4 Rxd6 43. exd6 h3 44. d7 Rd8 45. Nc6 hxg2+ 46. Kxg2 1-0

[Event "Montcalm V 2004-05"]
[Site "Quebec CAN"]
[Date "2005.03.17"]
[Round "5"]
[White "Tremblay, Rejean"]
[Black "Auger, Bertrand"]
[Result "1-0"]
[WhiteElo "2234"]
[BlackElo "1918"]
[PlyCount "47"]
[GameId "2160767910965727"]
[EventDate "2005.02.17"]
[EventType "swiss"]
[EventRounds "5"]
[EventCountry "CAN"]

1. d4 e6 2. c4 Nf6 3. Nc3 Bb4 4. e3 b6 5. Nge2 Bb7 6. a3 Be7 7. Nf4 O-O 8. Bd3 d5 9. cxd5 exd5 10. O-O c5 11. b3 Nbd7 12. Bb2 cxd4 13. exd4 Qc7 14. Qf3 Bd6 15. Nfxd5 Bxd5 16. Nxd5 Nxd5 17. Qxd5 Bxh2+ 18. Kh1 Nf6 19. Qf5 Bd6 20. Rac1 Qd7 21. Qxd7 Nxd7 22. Rc6 Be7 23. Rc7 Rfd8 24. Bb5 1-0

[Event "Montcalm VI 2004-05"]
[Site "Quebec CAN"]
[Date "2005.03.24"]
[Round "1"]
[White "L'Heureux, Clement"]
[Black "Caron, Sebastien"]
[Result "0-1"]
[WhiteElo "1866"]
[BlackElo "1863"]
[PlyCount "74"]
[GameId "2160767910965368"]
[EventDate "2005.03.24"]
[EventType "tourn"]
[EventRounds "5"]
[EventCountry "CAN"]

1. e4 c5 2. Nf3 d6 3. d4 cxd4 4. Nxd4 Nf6 5. Nc3 a6 6. h3 e6 7. Be3 Qc7 8. Be2 Nbd7 9. f4 b5 10. Bf3 Bb7 11. a3 Be7 12. Qe2 Rc8 13. O-O Nb6 14. Rab1 Nc4 15. Bf2 Nxa3 16. bxa3 Qxc3 17. Rb3 Qc7 18. Rd1 O-O 19. Rdb1 d5 20. e5 Ne4 21. Bxe4 dxe4 22. Rg3 Bc5 23. c3 Bd5 24. Qg4 f5 25. Qd1 Be7 26. Re3 Qa5 27. Kh2 Qd8 28. Qd2 Bh4 29. Bxh4 Qxh4 30. g3 Qe7 31. h4 Rc4 32. Qb2 Rfc8 33. Rd1 Qc5 34. Qd2 Rxc3 35. Rxc3 Qxc3 36. Qxc3 Rxc3 37. Nxf5 e3 0-1

[Event "Montcalm VI 2004-05"]
[Site "Quebec CAN"]
[Date "2005.03.24"]
[Round "1"]
[White "Perreault, Jacquelin"]
[Black "Hebert, Marc"]
[Result "1/2-1/2"]
[WhiteElo "1763"]
[BlackElo "1761"]
[PlyCount "76"]
[GameId "2160767910965369"]
[EventDate "2005.03.24"]
[EventType "tourn"]
[EventRounds "5"]
[EventCountry "CAN"]

1. e4 e6 2. d4 d5 3. Nd2 dxe4 4. Nxe4 Qd5 5. Bd3 Nc6 6. Nf3 Nf6 7. Nxf6+ gxf6 8. Bf4 Bd6 9. Bg3 Bd7 10. c3 O-O-O 11. Qc2 e5 12. Be4 Qa5 13. O-O exd4 14. Bxd6 cxd6 15. Nxd4 Rhg8 16. b4 Qg5 17. Nxc6 Bxc6 18. Bxc6 bxc6 19. g3 h5 20. Qd3 Kb7 21. b5 c5 22. f4 Qg4 23. Qd5+ Kb8 24. b6 Qd7 25. bxa7+ Kxa7 26. Qb3 Qb7 27. Qa4+ Qa6 28. Qxa6+ Kxa6 29. Rab1 h4 30. Kg2 Rde8 31. Kf3 hxg3 32. hxg3 Re6 33. Rfd1 Rge8 34. f5 Re3+ 35. Kf2 Re2+ 36. Kf1 Rh2 37. Rxd6+ Ka5 38. Rdb6 Ree2 1/2-1/2

[Event "Montcalm VI 2004-05"]
[Site "Quebec CAN"]
[Date "2005.03.24"]
[Round "1"]
[White "Sauve, Richard"]
[Black "Auger, Bertrand"]
[Result "0-1"]
[WhiteElo "1927"]
[BlackElo "1892"]
[PlyCount "58"]
[GameId "2160767910965370"]
[EventDate "2005.03.24"]
[EventType "tourn"]
[EventRounds "5"]
[EventCountry "CAN"]

1. d4 Nf6 2. c4 e6 3. Nc3 Bb4 4. Qc2 O-O 5. a3 Bxc3+ 6. Qxc3 b6 7. Bg5 Bb7 8. e3 c5 9. f3 cxd4 10. exd4 Nc6 11. Bd3 e5 12. Ne2 exd4 13. Nxd4 Ne5 14. Be2 Rc8 15. b3 Ne4 16. Bxd8 Nxc3 17. Bh4 Rfe8 18. Kd2 Nxe2 19. Nxe2 Bxf3 20. Nd4 Bxg2 21. Rhg1 Nf3+ 22. Nxf3 Bxf3 23. Rg3 Be4 24. Bf6 Bg6 25. Bd4 Re4 26. Be3 d5 27. cxd5 Rd8 28. Ke2 Rxd5 29. Rd1 Bh5+ 0-1

[Event "Montcalm VI 2004-05"]
[Site "Quebec CAN"]
[Date "2005.03.24"]
[Round "1"]
[White "Tremblay, Rejean"]
[Black "Lapierre, Gaetan"]
[Result "1/2-1/2"]
[WhiteElo "2245"]
[BlackElo "1881"]
[PlyCount "109"]
[GameId "2160767910965371"]
[EventDate "2005.03.24"]
[EventType "tourn"]
[EventRounds "5"]
[EventCountry "CAN"]

1. d4 Nf6 2. c4 g6 3. Nc3 Bg7 4. e4 d6 5. Be2 O-O 6. Bg5 c6 7. Qd2 Qa5 8. Nf3 e5 9. O-O exd4 10. Nxd4 Nxe4 11. Nxe4 Qxd2 12. Bxd2 Bxd4 13. Nxd6 Na6 14. Nxc8 Raxc8 15. Rfd1 Rfe8 16. Bf3 Nc5 17. Bb4 Ne6 18. Ba3 Rcd8 19. h4 Bf6 20. Rxd8 Rxd8 21. g3 Rd2 22. Rd1 Rc2 23. Rd7 Bd4 24. Rxb7 Rxf2 25. Bxc6 Rxb2+ 26. Kh1 Rxa2 27. Bd6 Ra6 28. Rb8+ Kg7 29. Rc8 Bf6 30. c5 Ra1+ 31. Kg2 Bd4 32. Bd5 Kf6 33. c6 Be5 34. Rd8 Rc1 35. Bxe5+ Kxe5 36. Rd7 Rc5 37. Bxe6 Kxe6 38. Rxa7 Rxc6 39. Ra8 h5 40. Re8+ Kf5 41. Re7 f6 42. Re2 Rc5 43. Rf2+ Ke6 44. Ra2 g5 45. hxg5 fxg5 46. Rf2 Rc3 47. Rf8 Rc2+ 48. Kh3 Rc3 49. Kh2 h4 50. gxh4 gxh4 51. Rh8 h3 52. Re8+ Kf5 53. Rf8+ Kg4 54. Rg8+ Kh4 55. Rh8+ 1/2-1/2

[Event "Montcalm VI 2004-05"]
[Site "Quebec CAN"]
[Date "2005.03.31"]
[Round "2"]
[White "Auger, Bertrand"]
[Black "Lemieux, Pierre"]
[Result "1-0"]
[WhiteElo "1892"]
[BlackElo "1887"]
[PlyCount "51"]
[GameId "2160767910965372"]
[EventDate "2005.03.24"]
[EventType "tourn"]
[EventRounds "5"]
[EventCountry "CAN"]

1. Nf3 Nf6 2. g3 g6 3. b4 Bg7 4. Bb2 O-O 5. Bg2 d6 6. O-O e5 7. d3 Nc6 8. b5 Ne7 9. Nbd2 Nh5 10. e4 Qe8 11. c4 f5 12. Qb3 Rf6 13. d4 exd4 14. Bxd4 Rf8 15. Bxg7 Nxg7 16. e5 dxe5 17. Nxe5 Rb8 18. Rfe1 Be6 19. Ndf3 Kh8 20. Ng5 Bg8 21. Rad1 h6 22. Nh3 Rd8 23. Bxb7 Rxd1 24. Qxd1 Qd8 25. Nf4 Qxd1 26. Nexg6+ 1-0

[Event "Montcalm VI 2004-05"]
[Site "Quebec CAN"]
[Date "2005.03.31"]
[Round "2"]
[White "Bender, Karl"]
[Black "Bourassa, Samuel"]
[Result "0-1"]
[WhiteElo "1575"]
[BlackElo "1600"]
[PlyCount "94"]
[GameId "2160767910965373"]
[EventDate "2005.03.24"]
[EventType "tourn"]
[EventRounds "5"]
[EventCountry "CAN"]

1. d4 Nf6 2. Nf3 g6 3. c4 Bg7 4. Nc3 d6 5. e4 O-O 6. Be2 e5 7. dxe5 dxe5 8. Qxd8 Rxd8 9. Bg5 Re8 10. Rd1 Na6 11. O-O Nh5 12. Rfe1 c6 13. Rd8 Rxd8 14. Bxd8 Be6 15. Bg5 Nf4 16. Bf1 h6 17. Bxf4 exf4 18. e5 Re8 19. Ne4 Bg4 20. Nf6+ Bxf6 21. exf6 Rxe1 22. Nxe1 Nc7 23. f3 Bf5 24. Bd3 Be6 25. Nc2 Ne8 26. Nd4 g5 27. b3 Nxf6 28. Bf5 Bd7 29. Bxd7 Nxd7 30. Nf5 h5 31. Kf2 Nc5 32. Ke2 a5 33. Kd2 f6 34. Kc3 Kf7 35. a3 Ke6 36. Nd4+ Ke5 37. Ne2 f5 38. b4 axb4+ 39. axb4 Ne6 40. h3 b6 41. Kd3 g4 42. fxg4 fxg4 43. h4 c5 44. b5 Nd4 45. Nxd4 cxd4 46. Kd2 Kd6 47. Kd3 Kc5 0-1

[Event "Montcalm VI 2004-05"]
[Site "Quebec CAN"]
[Date "2005.03.31"]
[Round "2"]
[White "Bisson, Real"]
[Black "Hebert, Marc"]
[Result "0-1"]
[WhiteElo "1690"]
[BlackElo "1761"]
[PlyCount "46"]
[GameId "2160767910965374"]
[EventDate "2005.03.24"]
[EventType "tourn"]
[EventRounds "5"]
[EventCountry "CAN"]

1. e4 e5 2. Bc4 Nf6 3. Nc3 Bc5 4. d3 c6 5. Qf3 b5 6. Bb3 d6 7. h3 a5 8. a4 b4 9. Nd1 Be6 10. Be3 Nbd7 11. Ne2 O-O 12. d4 Bxb3 13. cxb3 exd4 14. Bxd4 Qe7 15. O-O Qxe4 16. Qxe4 Nxe4 17. Ne3 Nd2 18. Rfe1 Nxb3 19. Rad1 d5 20. Nf5 Bxd4 21. Nexd4 Nxd4 22. Rxd4 Rfe8 23. Ne7+ Kf8 0-1

[Event "Montcalm VI 2004-05"]
[Site "Quebec CAN"]
[Date "2005.03.31"]
[Round "2"]
[White "Caron, Sebastien"]
[Black "Perreault, Jacquelin"]
[Result "1-0"]
[WhiteElo "1863"]
[BlackElo "1763"]
[PlyCount "116"]
[GameId "2160767910965375"]
[EventDate "2005.03.24"]
[EventType "tourn"]
[EventRounds "5"]
[EventCountry "CAN"]

1. e4 c5 2. Nf3 d6 3. d4 cxd4 4. Nxd4 Nf6 5. Nc3 a6 6. Bg5 e6 7. f4 Nc6 8. Be2 h6 9. Bh4 Qb6 10. Nb3 Be7 11. Bf2 Qc7 12. Bf3 b5 13. Nd4 Bb7 14. a3 Rc8 15. Nxc6 Bxc6 16. Qd2 Qb7 17. Qd4 O-O 18. O-O Rfd8 19. Qb6 d5 20. exd5 Nxd5 21. Nxd5 exd5 22. Qxb7 Bxb7 23. c3 Bf6 24. Rad1 Rc4 25. g3 Bc6 26. Rd2 d4 27. Bxc6 Rxc6 28. Bxd4 Bxd4+ 29. cxd4 Rd5 30. Re1 Rc4 31. Red1 f5 32. Kf2 b4 33. Ke3 bxa3 34. bxa3 Kf7 35. Rb1 Rc3+ 36. Rd3 Rc2 37. Rb7+ Kf8 38. h4 Rg2 39. Kf3 Rg1 40. Rc3 Re1 41. Rc8+ Re8 42. Rxe8+ Kxe8 43. Rb4 Ke7 44. Ke3 Rd6 45. Rb7+ Kf6 46. a4 g5 47. hxg5+ hxg5 48. a5 gxf4+ 49. gxf4 Ke6 50. Rb6 Kd5 51. Rxd6+ Kxd6 52. Kd3 Kd5 53. Kc3 Ke4 54. Kc4 Kxf4 55. d5 Ke5 56. Kc5 f4 57. d6 f3 58. d7 f2 1-0

[Event "Montcalm VI 2004-05"]
[Site "Quebec CAN"]
[Date "2005.03.31"]
[Round "2"]
[White "Lapierre, Gaetan"]
[Black "Dion, Jean-Francois"]
[Result "0-1"]
[WhiteElo "1881"]
[BlackElo "1881"]
[PlyCount "136"]
[GameId "2160767910965376"]
[EventDate "2005.03.24"]
[EventType "tourn"]
[EventRounds "5"]
[EventCountry "CAN"]

1. d4 Nf6 2. g3 g6 3. Bg2 Bg7 4. Nf3 O-O 5. O-O d6 6. Nbd2 Nc6 7. c3 Nd7 8. h3 e5 9. dxe5 Ndxe5 10. Nxe5 Nxe5 11. Kh2 Rb8 12. f4 Nd7 13. Nb3 b6 14. Nd4 Bb7 15. Nc6 Bxc6 16. Bxc6 f5 17. e4 fxe4 18. Bxe4 Nf6 19. Bf3 d5 20. g4 Re8 21. g5 Ne4 22. h4 c6 23. h5 Qc7 24. Kg2 Nd6 25. hxg6 hxg6 26. Qd3 Kf7 27. Bg4 Re4 28. Bd2 Nf5 29. Bxf5 gxf5 30. Qh3 Kg6 31. Rh1 Rh8 32. Qf3 Ree8 33. Rxh8 Rxh8 34. Qe2 Qd7 35. Re1 Kf7 36. Kg3 c5 37. b3 Re8 38. Qxe8+ Qxe8 39. Rxe8 Kxe8 40. Kh4 a6 41. Kh5 Kf7 42. Be1 b5 43. g6+ Ke6 44. Kg5 a5 45. Bd2 b4 46. cxb4 axb4 47. Be3 Bf8 48. Bc1 Bg7 49. a4 bxa3 50. Bxa3 Bf8 51. g7 Bxg7 52. Bxc5 Bf6+ 53. Kg6 d4 54. b4 d3 55. Be3 Bc3 56. b5 d2 57. Bxd2 Bxd2 58. Kg5 Be3 59. b6 Bxb6 60. Kh4 Be3 61. Kg3 Kd5 62. Kf3 Kd4 63. Kg3 Ke4 64. Kg2 Kxf4 65. Kf1 Kf3 66. Ke1 f4 67. Kf1 Bc5 68. Ke1 Kg2 0-1

[Event "Montcalm VI 2004-05"]
[Site "Quebec CAN"]
[Date "2005.03.31"]
[Round "2"]
[White "Lessard, Claude"]
[Black "L'Heureux, Clement"]
[Result "1-0"]
[WhiteElo "1868"]
[BlackElo "1866"]
[PlyCount "85"]
[GameId "2160767910965377"]
[EventDate "2005.03.24"]
[EventType "tourn"]
[EventRounds "5"]
[EventCountry "CAN"]

1. d4 Nf6 2. Nf3 d6 3. g3 c6 4. Bg2 h6 5. Nbd2 Bf5 6. O-O Nbd7 7. Nh4 Bh7 8. e4 e5 9. c3 Be7 10. Qe2 Qc7 11. b4 O-O 12. Bb2 a6 13. a3 Rae8 14. Rac1 Qb8 15. c4 b6 16. Bh3 c5 17. dxe5 dxe5 18. Ng2 cxb4 19. axb4 Bxb4 20. Ne3 Rd8 21. Nd5 Bxd2 22. Qxd2 Nxe4 23. Qe3 Nec5 24. Ne7+ Kh8 25. Nc6 Qc7 26. Nxd8 Rxd8 27. Rcd1 Be4 28. Bxd7 Rxd7 29. Rxd7 Qxd7 30. Bxe5 Qh3 31. f3 Bd3 32. Rd1 Bxc4 33. Bxg7+ Kxg7 34. Qd4+ Kh7 35. Qxc4 Qf5 36. Qc3 a5 37. g4 Qe6 38. Rd8 f6 39. h4 Qe7 40. Qd2 a4 41. h5 Kg7 42. Kg2 Nb3 43. Qd3 1-0

[Event "Montcalm VI 2004-05"]
[Site "Quebec CAN"]
[Date "2005.03.31"]
[Round "2"]
[White "Tremblay, Rejean"]
[Black "Sauve, Richard"]
[Result "1/2-1/2"]
[WhiteElo "2245"]
[BlackElo "1927"]
[PlyCount "111"]
[GameId "2160767910965378"]
[EventDate "2005.03.24"]
[EventType "tourn"]
[EventRounds "5"]
[EventCountry "CAN"]

1. d4 e6 2. c4 Nf6 3. Nc3 Bb4 4. Qc2 O-O 5. g3 d5 6. a3 Bxc3+ 7. Qxc3 b6 8. Nf3 Bb7 9. Bg2 Nbd7 10. O-O Rc8 11. b4 dxc4 12. Qxc4 c5 13. dxc5 bxc5 14. Bb2 cxb4 15. Qxb4 Qb6 16. Bd4 Qxb4 17. axb4 Rc4 18. Bxf6 Nxf6 19. b5 Rb4 20. Ra5 Rb8 21. Rc1 Kf8 22. Rxa7 Rxb5 23. Nd4 Rb6 24. Bxb7 R6xb7 25. Rc8+ Rxc8 26. Rxb7 Nd5 27. Nf3 Rc7 28. Rb8+ Ke7 29. Rh8 h6 30. Rg8 Kf6 31. Rd8 Ne7 32. Rd4 Ng6 33. Kg2 e5 34. Rd6+ Ke7 35. Ra6 f6 36. e3 Kf7 37. Nd2 Ne7 38. Ne4 Nc8 39. Ra8 Ke7 40. Ra3 Ra7 41. Rb3 Nd6 42. Nc3 Rb7 43. Ra3 Ke6 44. Ra6 Kd7 45. h4 Ne8 46. Ne4 Rc7 47. g4 Ke7 48. Kf3 Kf7 49. Ng3 Rd7 50. Nf5 Rc7 51. Rb6 Rd7 52. Ke4 Kf8 53. f3 Kf7 54. f4 exf4 55. exf4 Kf8 56. Rb8 1/2-1/2

[Event "Montcalm VI 2004-05"]
[Site "Quebec CAN"]
[Date "2005.04.07"]
[Round "3"]
[White "Dion, Jean-Francois"]
[Black "Auger, Bertrand"]
[Result "1/2-1/2"]
[WhiteElo "1881"]
[BlackElo "1892"]
[PlyCount "81"]
[GameId "2160767910965379"]
[EventDate "2005.03.24"]
[EventType "tourn"]
[EventRounds "5"]
[EventCountry "CAN"]

1. d4 e6 2. Bf4 Nf6 3. Nf3 Be7 4. h3 b6 5. e3 Bb7 6. Nbd2 O-O 7. c3 d6 8. a4 a6 9. Qc2 Nbd7 10. Bd3 c5 11. O-O Rc8 12. Bh2 Re8 13. Ng5 g6 14. Nge4 Qc7 15. Be2 Nxe4 16. Nxe4 cxd4 17. exd4 Nf6 18. Bf3 Nd5 19. Qd2 f5 20. Ng3 Bf6 21. Rfe1 Qf7 22. Rad1 Kg7 23. Nf1 Qd7 24. Ne3 Nxe3 25. Bxb7 Qxb7 26. Qxe3 e5 27. dxe5 dxe5 28. Rd6 Rc6 29. Red1 Re7 30. Qd3 Rxd6 31. Qxd6 Qc7 32. f3 f4 33. Qxc7 Rxc7 34. Rd6 Be7 35. Re6 Rd7 36. Kf1 Bd6 37. Re8 Kf7 38. Rh8 Be7 39. Ke2 Kg7 40. Re8 Kf7 41. Rh8 1/2-1/2

[Event "Montcalm VI 2004-05"]
[Site "Quebec CAN"]
[Date "2005.04.07"]
[Round "3"]
[White "Hebert, Marc"]
[Black "Caron, Sebastien"]
[Result "0-1"]
[WhiteElo "1761"]
[BlackElo "1863"]
[PlyCount "66"]
[GameId "2160767910965380"]
[EventDate "2005.03.24"]
[EventType "tourn"]
[EventRounds "5"]
[EventCountry "CAN"]

1. e4 c5 2. f4 Nc6 3. Nf3 e6 4. d3 Bd6 5. Nc3 Nge7 6. Be3 Ng6 7. Qd2 f6 8. h4 h5 9. g3 Qb6 10. O-O-O Nd4 11. Bg2 Ne7 12. Qf2 Nec6 13. Rhe1 Be7 14. Kb1 d6 15. e5 d5 16. exf6 gxf6 17. Ne2 Nb5 18. Ka1 Nb4 19. Nc3 Qa5 20. a3 Nxc3 21. Rd2 Nb5 22. Bxc5 Nxa3 23. Bxb4 Bxb4 24. c3 Nc4+ 25. Kb1 Nxd2+ 26. Qxd2 Be7 27. Nd4 Qc7 28. Qe2 Qd7 29. Bf3 Kd8 30. Bxh5 Bc5 31. Nb3 Bd6 32. Nd4 e5 33. Bg4 Qxg4 0-1

[Event "Montcalm VI 2004-05"]
[Site "Quebec CAN"]
[Date "2005.04.07"]
[Round "3"]
[White "L'Heureux, Clement"]
[Black "Bisson, Real"]
[Result "1-0"]
[WhiteElo "1866"]
[BlackElo "1690"]
[PlyCount "83"]
[GameId "2160767910965381"]
[EventDate "2005.03.24"]
[EventType "tourn"]
[EventRounds "5"]
[EventCountry "CAN"]

1. d4 Nf6 2. Nc3 d5 3. Bg5 Ne4 4. Nxe4 dxe4 5. f3 h6 6. Bf4 Bf5 7. e3 e6 8. g4 Bg6 9. Bg2 f5 10. gxf5 exf5 11. fxe4 Nd7 12. e5 c6 13. Ne2 Be7 14. Ng3 Qa5+ 15. c3 O-O 16. Qb3+ Kh7 17. Qe6 Qd8 18. O-O Bh4 19. Qb3 Nb6 20. Qc2 Qe7 21. c4 Rad8 22. b3 Kh8 23. a4 a5 24. Qc3 Qb4 25. Qxb4 axb4 26. a5 Nd7 27. a6 Nb8 28. a7 Na6 29. Bxc6 bxc6 30. Rxa6 Ra8 31. Rxc6 Be8 32. Ra6 Kh7 33. e6 Bd8 34. Bd6 Rf6 35. Bxb4 Bg6 36. Rfa1 Bc7 37. e7 f4 38. Rxf6 gxf6 39. Nf5 fxe3 40. Nxe3 Bb6 41. Bc5 Bc7 42. Nd5 1-0

[Event "Montcalm VI 2004-05"]
[Site "Quebec CAN"]
[Date "2005.04.07"]
[Round "3"]
[White "Lemieux, Pierre"]
[Black "Tremblay, Rejean"]
[Result "0-1"]
[WhiteElo "1887"]
[BlackElo "2245"]
[PlyCount "116"]
[GameId "2160767910965382"]
[EventDate "2005.03.24"]
[EventType "tourn"]
[EventRounds "5"]
[EventCountry "CAN"]

1. d4 c5 2. c3 e6 3. Nf3 b6 4. Bf4 Bb7 5. Nbd2 Nf6 6. h3 Be7 7. e3 O-O 8. Bd3 d5 9. Ne5 a5 10. Qe2 c4 11. Bc2 b5 12. g4 a4 13. a3 Ra7 14. g5 Ne4 15. h4 Nd7 16. Qg4 Nxe5 17. Bxe5 Nxd2 18. Kxd2 Bc8 19. Bxg7 Kxg7 20. Bxh7 Rh8 21. g6 f5 22. Qg3 Bd6 23. f4 Be7 24. h5 Bf6 25. h6+ Kf8 26. g7+ Bxg7 27. Rag1 Bf6 28. Bg8 Ke7 29. h7 Kd6 30. Rh6 Rg7 31. Qxg7 Bxg7 32. Rxg7 Qf8 33. Rhg6 Bd7 34. Rf7 Qxf7 35. Bxf7 Rxh7 36. Bg8 Rh2+ 37. Kc1 Re2 38. Rg3 Be8 39. Rh3 Rg2 40. Rh8 Rg6 41. Bh7 Rg1+ 42. Kd2 Bf7 43. Rb8 Rg7 44. Bxf5 exf5 45. Rxb5 Rg2+ 46. Kc1 Re2 47. Rb6+ Ke7 48. Rb7+ Kf6 49. Rb6+ Be6 50. Ra6 Rxe3 51. Rxa4 Re4 52. Ra8 Rxf4 53. a4 Rf1+ 54. Kd2 Ra1 55. a5 f4 56. a6 Kf5 57. a7 Bf7 58. Kc2 f3 0-1

[Event "Montcalm VI 2004-05"]
[Site "Quebec CAN"]
[Date "2005.04.07"]
[Round "3"]
[White "Perreault, Jacquelin"]
[Black "Lessard, Claude"]
[Result "0-1"]
[WhiteElo "1763"]
[BlackElo "1868"]
[PlyCount "58"]
[GameId "2160767910965383"]
[EventDate "2005.03.24"]
[EventType "tourn"]
[EventRounds "5"]
[EventCountry "CAN"]

1. e4 e6 2. d4 d5 3. Nd2 dxe4 4. Nxe4 Bd7 5. Nf3 Bc6 6. Bd3 Nd7 7. Qe2 Ngf6 8. Bg5 h6 9. Nxf6+ gxf6 10. Bh4 h5 11. O-O-O Bxf3 12. Qxf3 c6 13. Rhe1 Be7 14. d5 cxd5 15. Bb5 a6 16. Bxd7+ Kxd7 17. Qb3 Qc7 18. Kb1 Rac8 19. Bg3 Qc6 20. Re4 b5 21. Re3 Qc4 22. Qxc4 Rxc4 23. b3 Rc6 24. Bh4 Rhc8 25. Rd2 Rg8 26. Rg3 Rxg3 27. Bxg3 Rc8 28. Rd4 f5 29. Bh4 e5 0-1

[Event "Montcalm VI 2004-05"]
[Site "Quebec CAN"]
[Date "2005.04.07"]
[Round "3"]
[White "Sauve, Richard"]
[Black "Lapierre, Gaetan"]
[Result "1-0"]
[WhiteElo "1927"]
[BlackElo "1881"]
[PlyCount "81"]
[GameId "2160767910965384"]
[EventDate "2005.03.24"]
[EventType "tourn"]
[EventRounds "5"]
[EventCountry "CAN"]

1. d4 d6 2. c4 g6 3. Nc3 Bg7 4. e4 Nf6 5. f3 O-O 6. Be3 e5 7. d5 c5 8. g4 Na6 9. Qd2 Re8 10. O-O-O Nc7 11. Nge2 Bd7 12. Ng3 a6 13. g5 Nh5 14. Nxh5 gxh5 15. Qf2 b5 16. Qh4 bxc4 17. Bxc4 Nb5 18. Kd2 Nxc3 19. bxc3 Bb5 20. Bb3 Qa5 21. Qxh5 Qa3 22. Rb1 Rab8 23. Qh4 Ba4 24. Qe1 Bxb3 25. axb3 Qa2+ 26. Kd3 Rxb3 27. Rxb3 Qxb3 28. Qb1 c4+ 29. Kd2 Rb8 30. Qa1 a5 31. Rc1 Rb5 32. Rc2 Bf8 33. Ra2 Be7 34. Kc1 Rb7 35. Rxa5 Bxg5 36. Bxg5 Qb6 37. Bd2 Qf2 38. Kc2 Qxf3 39. Ra8+ Kg7 40. Qg1+ Kf6 41. Qg5# 1-0

[Event "Montcalm VI 2004-05"]
[Site "Quebec CAN"]
[Date "2005.04.14"]
[Round "4"]
[White "Bisson, Real"]
[Black "Caron, Sebastien"]
[Result "1/2-1/2"]
[WhiteElo "1690"]
[BlackElo "1863"]
[PlyCount "156"]
[GameId "2160767910965385"]
[EventDate "2005.03.24"]
[EventType "tourn"]
[EventRounds "5"]
[EventCountry "CAN"]

1. e4 c5 2. Nf3 d6 3. c3 Nf6 4. Be2 Nc6 5. Qc2 Qa5 6. O-O Bg4 7. Na3 e5 8. Nc4 Qc7 9. Ne3 Bd7 10. d3 Rc8 11. Bd2 g6 12. a3 Bg7 13. c4 Nh5 14. Nd5 Qd8 15. b4 Ne7 16. Nc3 Nf4 17. Bd1 O-O 18. Ne2 f5 19. Nxf4 exf4 20. Rc1 fxe4 21. dxe4 Nc6 22. bxc5 dxc5 23. Bc3 Nd4 24. Bxd4 cxd4 25. Qd3 Be6 26. Bb3 Qe7 27. c5 Bxb3 28. Qxb3+ Kh8 29. Rfe1 Rfd8 30. Rcd1 Rxc5 31. Qb4 Rc7 32. Qxe7 Rxe7 33. e5 h6 34. Rxd4 Rxd4 35. Nxd4 Rxe5 36. Rxe5 Bxe5 37. Nc2 Bc3 38. f3 Kg7 39. Kf2 Kf6 40. Ke2 Kf5 41. Kd3 Be5 42. a4 g5 43. h3 h5 44. Na3 a6 45. Nc4 b5 46. axb5 axb5 47. Nd2 Bd6 48. Ne4 Bb4 49. Kd4 Be7 50. Kd5 g4 51. hxg4+ hxg4 52. fxg4+ Kxg4 53. Ke6 Bb4 54. Nf6+ Kh4 55. Ne4 Be1 56. Kd5 Kg4 57. Kc5 b4 58. Kc4 Kf5 59. Nd6+ Ke5 60. Nf7+ Ke4 61. Ng5+ Ke3 62. Nh3 Ke4 63. Ng5+ Kf5 64. Nf3 Bc3 65. Nh2 Kg5 66. Kb3 Kf5 67. Kc4 Kg5 68. Kb3 Kh4 69. Nf1 Kg4 70. Kc4 Kf5 71. Nh2 Ke4 72. Nf1 f3 73. gxf3+ Kxf3 74. Nh2+ Ke2 75. Ng4 Kd2 76. Nf2 Kc2 77. Ne4 Be1 78. Nc5 Bf2 1/2-1/2

[Event "Montcalm VI 2004-05"]
[Site "Quebec CAN"]
[Date "2005.04.14"]
[Round "4"]
[White "Gaudreau, Eric"]
[Black "Bender, Karl"]
[Result "0-1"]
[WhiteElo "1580"]
[BlackElo "1575"]
[PlyCount "82"]
[GameId "2160767910965386"]
[EventDate "2005.03.24"]
[EventType "tourn"]
[EventRounds "5"]
[EventCountry "CAN"]

1. Nf3 Nf6 2. d4 d5 3. Bg5 e6 4. e3 Be7 5. Bd3 Nbd7 6. Nbd2 c5 7. c3 Qb6 8. Rb1 O-O 9. O-O c4 10. Bc2 Bd6 11. Re1 Qc7 12. Qe2 Ng4 13. g3 e5 14. dxe5 Ndxe5 15. Nxe5 Nxe5 16. Qh5 f5 17. Bf4 Ng4 18. Qh3 g6 19. Qg2 Nf6 20. Nf3 Ne4 21. Red1 Bxf4 22. exf4 Be6 23. Ne5 Qb6 24. Qf3 Rad8 25. b3 Qa5 26. Bxe4 dxe4 27. Qe2 Rxd1+ 28. Rxd1 cxb3 29. axb3 Qxc3 30. Rb1 Bxb3 31. Qb5 Ba2 32. Rb2 Qc1+ 33. Kg2 Be6 34. Qxb7 a5 35. Rb6 Qc8 36. Qa7 e3 37. fxe3 Bd5+ 38. Kh3 Qc2 39. Nxg6 Qg2+ 40. Kh4 Qxh2+ 41. Kg5 h6# 0-1

[Event "Montcalm VI 2004-05"]
[Site "Quebec CAN"]
[Date "2005.04.14"]
[Round "4"]
[White "Hebert, Andre jr"]
[Black "Bourassa, Samuel"]
[Result "0-1"]
[WhiteElo "1643"]
[BlackElo "1600"]
[PlyCount "34"]
[GameId "2160767910965387"]
[EventDate "2005.03.24"]
[EventType "tourn"]
[EventRounds "5"]
[EventCountry "CAN"]

1. f4 d5 2. e3 c5 3. Nf3 Nc6 4. b3 Nf6 5. Bb2 e6 6. Be2 Bd6 7. O-O Qc7 8. Nc3 a6 9. g3 Nd7 10. d3 b5 11. Qd2 h6 12. Nd1 f6 13. Nf2 g5 14. fxg5 hxg5 15. Nxg5 Bxg3 16. Nxe6 Bxh2+ 17. Kg2 Qg3+ 0-1

[Event "Montcalm VI 2004-05"]
[Site "Quebec CAN"]
[Date "2005.04.14"]
[Round "4"]
[White "L'Heureux, Clement"]
[Black "Perreault, Jacquelin"]
[Result "1/2-1/2"]
[WhiteElo "1866"]
[BlackElo "1763"]
[PlyCount "78"]
[GameId "2160767910965388"]
[EventDate "2005.03.24"]
[EventType "tourn"]
[EventRounds "5"]
[EventCountry "CAN"]

1. d4 Nf6 2. Nc3 d5 3. Bg5 e6 4. Nf3 Nbd7 5. e3 Be7 6. Bd3 O-O 7. h3 c5 8. O-O b6 9. Ne5 Nxe5 10. dxe5 Nd7 11. Bxe7 Qxe7 12. f4 f6 13. Qh5 g6 14. Qh4 Rf7 15. exf6 Qxf6 16. Qxf6 Nxf6 17. Rad1 Bb7 18. Be2 Rd8 19. Rd2 Rfd7 20. Rfd1 Kf7 21. Bf3 Ke7 22. g4 Ne8 23. Kf2 Nd6 24. b3 Ba6 25. Be2 Bxe2 26. Kxe2 b5 27. Kf3 b4 28. Na4 Ne4 29. Rd3 Kf6 30. c4 bxc3 31. Nxc3 Nxc3 32. Rxc3 Rc8 33. Rd4 cxd4 34. Rxc8 dxe3 35. g5+ Ke7 36. Kxe3 Kd6 37. Kd4 Rf7 38. Rd8+ Kc7 39. Ra8 Kd6 1/2-1/2